000 00799nam a2200277Ia 4500
001 dia_220
003 CHAP
005 20221208121311.0
008 220117s1990 xx 000 0 und d
010 _a170649
020 _a968-6651-33-0
040 _cCHAP
082 _aC 336.972 N33 1990
110 _aMéxico. Nacional Financiera
_9147598
245 _aLa economía mexicana en cifras 1990 /
_c Nacional Financiera
250 _a11a ed
260 _aMexico :
_b Nacional Financiera,
_c1990
300 _a721 p.
503 _aC/e
650 _aMéxico
_xCondiciones Económicas
_x1990
_9147599
700 _aNacional Financiera
_9147600
901 _aC 336.972 N33 1990
902 _aM
905 _a0000001990 mx N 0000000000spa00
942 _cLIBRO
_2ddc
999 _c170649
_d170649